Welcome to the Holygrace Academy Library

Please use search bar below to get started

QUEEN OF SHADOWS (Record no. 8613)

MARC details
000 -LEADER
fixed length control field 00612nam a22001577a 4500
020 ## - INTERNATIONAL STANDARD BOOK NUMBER
ISBN 978-1-4088-8820-9
082 ## - DEWEY DECIMAL CLASSIFICATION NUMBER
Classification number 823
Item number MAS/Q
100 ## - MAIN ENTRY--AUTHOR NAME
Personal name MAAS, SARAH J
245 ## - TITLE STATEMENT
Title QUEEN OF SHADOWS
246 ## - VARYING FORM OF TITLE
Title proper/short title QUEEN OF SHADOWS
Remainder of title QUEEN OF SHADOWS
260 ## - PUBLICATION, DISTRIBUTION, ETC. (IMPRINT)
Place of publication LONDON
Name of publisher BLOOMSBURY
Year of publication 2016
300 ## - PHYSICAL DESCRIPTION
Number of Pages 648
520 ## - SUMMARY, ETC.
Summary, etc Aelin Galathynius, the once infamous assassin Celaena Sardothien, returning to Adarlan to seek vengeance against the people who wronged her. She is determined to reclaim her throne and free her people from the tyrannical rule of the King of Adarlan.
650 ## - SUBJECT ADDED ENTRY--TOPICAL TERM
Topical Term ENGLISH FANTACY STORY
942 ## - ADDED ENTRY ELEMENTS (KOHA)
Koha item type Books
Holdings
Withdrawn status Lost status Collection code Home library Current library Shelving location Date acquired Source of acquisition Cost, normal purchase price Full call number Accession Number Koha item type
    Fiction Main Library Main Library NEW SHELF WITH NEW ENTRY 26/10/2023 PURCHASED 599.00 823 MAS/Q 13219 Books